000 01226nam0a2200337 4500
001 RU\NLR\bibl\86821
005 20250617073703.0
010 _a5-8013-0068-8
_91200
021 _aRU
_b1999-50927
_92522
021 _aRU
_b2000-12831
_9626
035 _a(NLR Aleph) 000084807
090 _a473629
_c473629
100 _a20000518d1999 |||y0rusy50 ca
101 0 _arus
102 _aRU
105 _ay |||||||||
200 1 _aПрагматика политического идеализма
_fСергей Ковалев
210 _aМ.
_cИн-т прав человека
_d1999
215 _a350,[2] с.
_d20
320 _aБиблиогр. в подстроч. прим.
606 0 _aПравозащитное движение
_yРоссийская Федерация
_92124894
_3RU\NLR\auth\661282704
686 _aТ3(2)74-4
700 1 _4070
_aКовалев
_bС. А.
_cправозащитник, биофизик
_f1930-2021
_gСергей Адамович
_9147080
_3RU\NLR\AUTH\770147116
801 0 _aRU
_bNLR
_c20000518
_gPSBO
801 1 _aRU
_bNLR
_c20000518
830 _aАвт. по кн.
852 _aNLR
_j2000-3/3018
942 _cBOOK
980 _aNB